| 000 | 00840na a2200229 4500 | ||
|---|---|---|---|
| 001 | 17369 | ||
| 003 | MIRAKIL | ||
| 005 | 20181213154958.0 | ||
| 008 | 161024b tu 000 0 | ||
| 040 |
_aMilas _btur _cTR-AnCHP |
||
| 041 | _atur | ||
| 082 |
_a334.606 _bP25 [2000?] |
||
| 090 | _a334.606 P25 [2000?] | ||
| 110 | _aPankobirlik Sınırlı Sorumlu Pancar Ekicileri İstihsal Kooperatifleri Birliği | ||
| 245 |
_aPankobirlik genel kurul toplantısı, 31 Ocak 2000 _b1998 yirmiyedinci faaliyet yılı raporu _cPankobirlik |
||
| 260 |
_a[y.y.] _b[yay.y.] _c[2000?] _fMars Matbaası |
||
| 300 |
_a117 s. _btbl. ; hrt. _c27 sm |
||
| 650 |
_aŞeker sanayii _xAvrupa federasyonu |
||
| 650 |
_aŞeker sanayii _zTürkiye |
||
| 710 | _aPankobirlik Sınırlı Sorumlu Pancar Ekicileri İstihsal Kooperatifleri Birliği | ||
| 942 |
_2ddc _cBKS |
||
| 999 |
_c4247 _d4247 |
||